| 000 | 00891nam a22002177a 4500 | ||
|---|---|---|---|
| 999 |
_c2602 _d2602 |
||
| 003 | AR-CdUCM | ||
| 008 | 190305b ||||| |||| 00| 0 spa d | ||
| 040 |
_aMUNICIPALIDAD PROVINCIAL DEL CUSCO _cBIBLIOTECA MUNICIPAL DEL CUSCO |
||
| 082 |
_a331.794 / _bO36 |
||
| 110 |
_aOficina internacional del trabajo _96320 |
||
| 245 |
_aEl mundo del trabajo ante la nueva era : _bObjetivos, estructura y tareas de la O.I.T / |
||
| 260 |
_aGinebra : _bPopulaires, Geneve, _c1965. |
||
| 300 |
_a245 paginas ; _bFotografías, _c16 cm. |
||
| 505 | _aLa lucha por la justicia social -- La revolución industrial -- Los trabajadores en peligro -- Hacia el mejoramiento de la situación -- La revolución científica ... | ||
| 650 |
_aJusticia social _97632 |
||
| 650 |
_aRevolución industrial _98890 |
||
| 650 |
_aTrabajadores _98056 |
||
| 650 |
_aSindicatos _92512 |
||
| 942 |
_2ddc _cLIBROS |
||
| 945 | _aacv | ||